000
00249nam a2200097Ia 4500
001
867099
005
20250826175600.0
008
250824s9999 xx 000 0 und d
245
0
_a
İBN SİNA İLE UÇAN ADAMIN PEŞİNDE
_c
ÖZKAN ÖZE
260
_b
KETEBE
999
_c
867099
_d
867099